00658nam a2200205Ia 450000500170000000800410001704100080005808200150006610000240008124500240010526000350012930000090016450000280017365000360020170000240023790600070026194200070026899900170027595201600029220251118164051.0230125s9999 xx 000 0 und d aeng a158.1bCHO aChowdhary S9215101 aThe Ice cream maker c2005bcurrency BooksaNew York a115p aPersonality Development aPersonality Development9213420 aChowdhary S9215101 b19 cBK c90517d90517 00104070aHIMRbHIMRd2006-03-31ePopular Book Houseg125.00i621l0o158.1 CHO B05150pHIMR-BK-5150r2023-01-25 00:00:00v106.00w2006-03-31yBKzB05150